Online katalóg knižníc regiónu Turca

Paríž je s nami (Record no. 21122)

MARC details
000 -LEADER
fixed length control field 01453cam a2200409 a 4500
001 - CONTROL NUMBER
control field 21122
003 - CONTROL NUMBER IDENTIFIER
control field VRT
005 - DATE AND TIME OF LATEST TRANSACTION
control field 20260216143900.0
008 - FIXED-LENGTH DATA ELEMENTS--GENERAL INFORMATION
fixed length control field 050616s1956 xo gr 000 f slo c
020 ## - INTERNATIONAL STANDARD BOOK NUMBER
Qualifying information (viazané)
039 #9 - LEVEL OF BIBLIOGRAPHIC CONTROL AND CODING DETAIL [OBSOLETE]
Level of rules in bibliographic description 202103061857
Level of effort used to assign nonsubject heading access points msvkbb11
Level of effort used to assign subject headings 202009080902
Level of effort used to assign classification msnk136
Level of effort used to assign subject headings 201810252152
Level of effort used to assign classification AUTHORITY
040 ## - CATALOGING SOURCE
Original cataloging agency SNK
Language of cataloging slo
Transcribing agency SNK
Modifying agency SVKBB
Description conventions AACR2
041 1# - LANGUAGE CODE
Language code of text/sound track or separate title clo
Language code of original fre
044 ## - COUNTRY OF PUBLISHING/PRODUCING ENTITY CODE
MARC country code xo
ISO country code SK
072 #7 - SUBJECT CATEGORY CODE
Subject category code 821.133.1-3
Subject category code subdivision Francúzska próza, francúzsky písaná
Source konspekt
080 ## - UNIVERSAL DECIMAL CLASSIFICATION NUMBER
Universal Decimal Classification number 821.133.1-31
Edition identifier 2011
100 1# - MAIN ENTRY--PERSONAL NAME
Personal name Stil, André,
Dates associated with a name 1921-2004
Relationship aut
240 10 - UNIFORM TITLE
Uniform title Paris avec nous
Language of a work Slovensky
245 10 - TITLE STATEMENT
Title Paríž je s nami
Remainder of title prvý úder
Statement of responsibility, etc. André Stil ; z francúzskeho originálu ... preložil Štefan Horváth
250 ## - EDITION STATEMENT
Edition statement 1. vydanie
260 ## - PUBLICATION, DISTRIBUTION, ETC.
Place of publication, distribution, etc. Bratislava
Name of publisher, distributor, etc. Slovenské vydavateľstvo krásnej literatúry
Date of publication, distribution, etc. 1956
300 ## - PHYSICAL DESCRIPTION
Extent 264 s.
Dimensions 20 cm
366 ## - TRADE AVAILABILITY INFORMATION
Note 2750 výtlačkov
490 0# - SERIES STATEMENT
Series statement Prameň
Volume/sequential designation zväzok 26
500 ## - GENERAL NOTE
General note Viazaná
655 #7 - INDEX TERM--GENRE/FORM
Genre/form data or focus term francúzske romány
Source of term SNKPH
655 #7 - INDEX TERM--GENRE/FORM
Genre/form data or focus term French fiction
Source of term SNKPHeng
700 1# - ADDED ENTRY--PERSONAL NAME
Personal name Horváth, Štefan,
Dates associated with a name 1920-1986
Relationship trl
830 #0 - SERIES ADDED ENTRY--UNIFORM TITLE
Uniform title Prameň
910 ## - USER-OPTION DATA (OCLC)
User-option data snk
942 ## - ADDED ENTRY ELEMENTS (KOHA)
Source of classification or shelving scheme Dewey Decimal Classification
Koha item type Krásna literatúra pre dospelých
Suppress in OPAC No
949 ## - LOCAL PROCESSING INFORMATION (OCLC)
6 270001000610267
a svkbbS 47132
b svkbbm 55511
949 ## - LOCAL PROCESSING INFORMATION (OCLC)
6 17A0473458
a snkSD 11430
b snkKSP 2217/56
949 ## - LOCAL PROCESSING INFORMATION (OCLC)
6 17A1191122
a snkSD 11430 D1
b snkKSP 2218/56
Holdings
Stav vyradenia Strata Poškodenie Spôsob nadobudnutia Domovská knižnica Aktuálna knižnica Dátum nadobudnutia Total checkouts Čiarový kód exemplára Date last seen Typ exemplára
      Dar Obecná knižnica Horná Štubňa Obecná knižnica Horná Štubňa 16.02.2026   4736201324 16.02.2026 Krásna literatúra pre dospelých
Projekt je podporený Slovenskou asociáciou knižníc
Prevádzkuje Turčianska knižnica Martin 2026